| 000 | 01300nam a22003497a 4500 | ||
|---|---|---|---|
| 003 | CHAP | ||
| 005 | 20220329143717.0 | ||
| 008 | 110322s1983 mx r 00010 spa d | ||
| 010 | _a100708 | ||
| 011 | _a101680 | ||
| 020 | _a968260396X | ||
| 035 | _a112368 | ||
| 040 | _cCHAP | ||
| 082 | 0 | 4 |
_a581.634 _bB27 |
| 100 | 0 | 0 |
_aBarrera, Alfredo. _910425 |
| 245 | 1 | 3 |
_aEl libro del judio : _bsu ubicación en la tradición botánica y en la medicina tradicional yucatanense _c/por Alfredo Barrera y Alfredo Barrera Vázquez |
| 260 |
_aXalapa, Ver. : _bInstituto Nacional de Investigaciones sobre Recursos Bióticos : _bCECSA, _c1983 |
||
| 300 | _a53 p. | ||
| 590 |
_aBATCH-UPD _b10 _c20130110 _lUCH01 _h1137 |
||
| 590 |
_aBATCH-UPD _b10 _c20130410 _lUCH01 _h0724 |
||
| 590 |
_aBATCH-UPD _b10 _c20130914 _lUCH01 _h0540 |
||
| 590 |
_aBATCH-UPD _b10 _c20140618 _lUCH01 _h1316 |
||
| 590 |
_aCONVERSION _b10 _c20130109 _lUCH01 _h1355 |
||
| 650 | 1 | 4 |
_aBotánica médica. _914680 |
| 650 | 1 | 4 |
_aBotánica _xYucatán. _914635 |
| 650 | 1 | 4 |
_aMedicina tradicional. _973921 |
| 700 | 1 |
_aBarrera Vásquez, Alfredo. _910423 |
|
| 901 | _aBK | ||
| 942 | _cLIBRO | ||
| 949 |
_a581.634 B27 _bBC _cLIBRO _d33724002237611 _eLIBRO _fc.2 _h114449 _i112368 _sb |
||
| 949 |
_a581.634 B27 _bBC _cLIBRO _d33724002237652 _eLIBRO _h114448 _i112368 _sb |
||
| 999 |
_c100708 _d100708 |
||